دور مراكز الدراسات في صناعة القرار في الدولة الأردنية الحديثة / (رقم التسجيلة. 65360)

تفاصيل مارك
000 -LEADER
fixed length control field 00665nam a22001937a 4500
005 - DATE AND TIME OF LATEST TRANSACTION
control field 20251108171907.0
008 - FIXED-LENGTH DATA ELEMENTS--GENERAL INFORMATION
fixed length control field 250721s1999 xx 000 0 ara d
082 14 - DEWEY DECIMAL CLASSIFICATION NUMBER
Classification number 306.209565/دور
100 1# - MAIN ENTRY--PERSONAL NAME
Personal name الحمد، جواد
245 10 - TITLE STATEMENT
Title دور مراكز الدراسات في صناعة القرار في الدولة الأردنية الحديثة /
264 1# - PRODUCTION, PUBLICATION, DISTRIBUTION, MANUFACTURE, AND COPYRIGHT NOTICE
Place of production, publication, distribution, manufacture عمان :
Name of producer, publisher, distributor, manufacturer مركز دراسات الشرق الأوسط،
Date of production, publication, distribution, manufacture, or copyright notice 1999.
300 ## - PHYSICAL DESCRIPTION
Extent 123 ص
650 17 - SUBJECT ADDED ENTRY--TOPICAL TERM
Topical term or geographic name as entry element المؤسسات السياسية
650 17 - SUBJECT ADDED ENTRY--TOPICAL TERM
Topical term or geographic name as entry element تاريخ الأردن
700 1# - ADDED ENTRY--PERSONAL NAME
Personal name هياجنة، عدنان
700 1# - ADDED ENTRY--PERSONAL NAME
Personal name بركات، نظام
942 ## - ADDED ENTRY ELEMENTS (KOHA)
Source of classification or shelving scheme Dewey Decimal Classification
Koha item type كتب
المقتنيات
حالة السحب حالة الفقدان مصدر التصنيف حالة التلف غير قابل للإعارة المكتبة الرئيسية المكتبة الحالية موقع الرف تاريخ التزويد الرقم المتسلسل Total Checkouts رقم الإستدعاء الباركود تاريخ آخر ظهور تاريخ الفاتورة نوع المادة (كوها)
    Dewey Decimal Classification     المكتبة المركزية المكتبة المركزية الإعارة 22/07/2009 1007272   306.209565/دور PLD00103485 28/07/2025 22/07/2009 كتب
    Dewey Decimal Classification     المكتبة المركزية المكتبة المركزية الإعارة 04/11/2015 1613570   306.209565/دور PLD00362390 28/07/2025 04/11/2015 كتب
Implemented & Customized by: BBB with SCIT (Smart Chains for Information Technology)

Powered by Koha